00418 2200157 4500001002100000005001500021035002000036245005800056100002500114300002800139260003400167082000800201084001400209020002200223990001500245INLIS00000000000314920251119074336 a0010-11250000101 aKajian Konsep Fisika Kelas XI /cMuhammad Farchani R.0 aMuhammad Farchani R. a368 hlm ;c20 x 25,5 cm aSolo :bTiga Serangkai,c2023 a530 a530 MUH k a978-623-269-866-6 a19600/H/26